| 000 | 00000nam##2200000za#4500 |
| 001 | 9.604282 |
| 003 | CaOODSP |
| 005 | 20210624211506 |
| 007 | cr ||||||||||| |
| 008 | 150406|2006||||xxc|||||o f|0| 0 fre|d |
| 040 | |aCaOODSP|bfre |
| 043 | |an-cn--- |
| 086 | 1 |aTU3-5/06-37F-PDF |
| 110 | 2 |aBureau de la sécurité des transports du Canada. |
| 245 | 10|aUrgence à cause d'un bas niveau de carburant du Bombardier CL-600-2B19 C-GJZF, exploité par Air Canada Jazz à Fort St. John (Colombie-Britannique), le 21 novembre 2006 |h[ressource électronique] |
| 260 | |aGatineau - Québec : |bBureau de la sécurité des transports du Canada |c2007. |
| 300 | |a19p.|bfigure, glossaire |
| 490 | 1 |aRapport d'enquête aéronautique |vA06Q0188 |
| 500 | |a« Le Bureau a autorisé la publication du rapport le 25 octobre 2007 » --p.17. |
| 590 | |a12-33-Supp|b2012-07-18 |
| 775 | 08|tLow fuel emergency - Air Canada Jazz Bombardier CL-600-2B19 C-GJZF, Fort St. John, British Columbia, 21 November 2006 |w(CaOODSP)9.574538 |
| 830 | #0|aRapport d'enquête aéronautique ;|vA06Q0188|w(CaOODSP)9.501229 |
| 856 | 40|ahttp://publications.gc.ca|qPDF|s304 Ko|uhttps://publications.gc.ca/collections/collection_2012/bst-tsb/TU3-5-06-37-fra.pdf|yA06Q0188 |